书目信息 |
| 题名: |
太阳能利用技术
|
|
| 作者: | 王长贵 , 罗运俊 , 何梓年 编著 | |
| 分册: | ||
| 出版信息: | 北京 化学工业出版社 2005 |
|
| 页数: | ||
| 开本: | 26cm | |
| 丛书名: | 21世纪可持续能源丛书 | |
| 单 册: | ||
| 中图分类: | TK519 | |
| 科图分类: | ||
| 主题词: | 太阳能--技术 | |
| 电子资源: | ||
| ISBN: | 7-5025-5680-X | |
| 000 | 00723nam0 2200229 450 | |
| 001 | 0754114953 | |
| 005 | 20070929150154.95 | |
| 010 | @a7-5025-5680-X | |
| 100 | @a20070929d km y0chiy0120 ea | |
| 101 | 0 | @achi |
| 200 | 1 | @a太阳能利用技术@Atai yang neng li yong ji shu@f罗运俊,何梓年,王长贵 编著@Fluo yun jun,he zi nian,wang chang gui bian zhu |
| 210 | @a北京@c化学工业出版社@d2005 | |
| 215 | @c插图@d26cm | |
| 225 | 2 | @a21世纪可持续能源丛书 |
| 410 | 0 | @12001 @a21世纪可持续能源丛书 |
| 606 | 0 | @a太阳能@x技术 |
| 690 | @aTK519@v3 | |
| 701 | 0 | @a王长贵@Awang chang gui@4编著 |
| 701 | 0 | @a罗运俊@Aluo yun jun@4编著 |
| 701 | 0 | @a何梓年@Ahe zi nian@4编著 |
| 801 | 0 | @aCN@bPFT@c20070929 |
| 905 | @a213230@dTK519@eh11@f1 | |
| 太阳能利用技术/罗运俊,何梓年,王长贵 编著.-北京:化学工业出版社,2005 |
| 插图;26cm.-(21世纪可持续能源丛书) |
| ISBN 7-5025-5680-X: |
| ● |
| 相关链接 |
|
|
|
|
正题名:太阳能利用技术
索取号:TK519/h11
 
预约/预借
| 序号 | 登录号 | 条形码 | 馆藏地/架位号 | 状态 | 备注 |
| 1 | 6002853 | 260028534 | 密集书库-化学系/ [索取号:TK519/h11] | 在馆 |